Economía y globalización / (Registro nro. 5645)

Detalles MARC
000 -LEADER
fixed length control field 01289nam a2200289Ia 4500
003 - CONTROL NUMBER IDENTIFIER
control field OSt
005 - DATE AND TIME OF LATEST TRANSACTION
control field 20200707181101.0
008 - FIXED-LENGTH DATA ELEMENTS--GENERAL INFORMATION
fixed length control field 191128s2008 ck gr 000 0dspa d
020 ## - INTERNATIONAL STANDARD BOOK NUMBER
International Standard Book Number 9789584509239
040 ## - CATALOGING SOURCE
Original cataloging agency CO-JMCR
Transcribing agency CO-JMCR
041 0# - LANGUAGE CODE
Language code of text/sound track or separate title spa
082 04 - DEWEY DECIMAL CLASSIFICATION NUMBER
Classification number 330.98 /
Item number S246e
Edition number 23
100 1# - MAIN ENTRY--PERSONAL NAME
Personal name Sarmiento Palacio, Eduardo,
Relator term autor
9 (RLIN) 945
245 10 - TITLE STATEMENT
Title Economía y globalización /
Statement of responsibility, etc. Eduardo Sarmiento Palacio
250 ## - EDITION STATEMENT
Edition statement Primera edición
260 ## - PUBLICATION, DISTRIBUTION, ETC.
Place of publication, distribution, etc. Bogotá :
Name of publisher, distributor, etc. Grupo Editorial Norma,
Date of publication, distribution, etc. 2008.
300 ## - PHYSICAL DESCRIPTION
Extent 392 páginas ;
Dimensions 24 cm.
490 0# - SERIES STATEMENT
Series statement Vitral
500 ## - GENERAL NOTE
General note Incluye datos biográficos del autor en la solapa.
504 ## - BIBLIOGRAPHY, ETC. NOTE
Bibliography, etc. note Bibliografía páginas 389-392.
505 0# - FORMATTED CONTENTS NOTE
Formatted contents note El mercado monetario en desequilibrio -- La macroeconomía global del salario y el ahorro -- Tratado de Libre Comercio e integración -- Crecimiento dentro de la grlobalización -- Distribución del ingreso y el modelo único
520 0# - SUMMARY, ETC.
Summary, etc. ¿Qué ha significado la globalización?¿Cuáles han sido sus consecuencias?¿Cómo pueden solucionarse las crisis a las que esta ha conducido? Estas son tan sólo tres de las preguntas que responde en este libro.
650 14 - SUBJECT ADDED ENTRY--TOPICAL TERM
Topical term or geographic name entry element Economía
Geographic subdivision Colombiana
9 (RLIN) 6831
650 24 - SUBJECT ADDED ENTRY--TOPICAL TERM
Topical term or geographic name entry element Globalización
9 (RLIN) 6832
650 24 - SUBJECT ADDED ENTRY--TOPICAL TERM
Topical term or geographic name entry element Libre comercio
9 (RLIN) 2688
942 ## - ADDED ENTRY ELEMENTS (KOHA)
Source of classification or shelving scheme Dewey Decimal Classification
Koha item type Books
Existencias
Withdrawn status Lost status Source of classification or shelving scheme Materials specified (bound volume or other part) Damaged status Not for loan Home library Current library Shelving location Date acquired Source of acquisition Full call number Barcode Date last seen Copy number Price effective from Koha item type
    Dewey Decimal Classification Donación--15/04/2018--     Biblioteca Pública José María del Castillo y Rada Biblioteca Pública José María del Castillo y Rada General Stacks 11/28/2019 Donación 330.98 / S246e 430002730 05/16/2024 Ej.1 11/28/2019 Books